Normal view MARC view

Entry Personal Name

Number of records used in: 1

001 - CONTROL NUMBER

  • control field: 161454

003 - CONTROL NUMBER IDENTIFIER

  • control field: OSt

005 - DATE AND TIME OF LATEST TRANSACTION

  • control field: 20220923211751.0

008 - FIXED-LENGTH DATA ELEMENTS

  • fixed length control field: 220923|| aca||aabn | a|a d

040 ## - CATALOGING SOURCE

  • Original cataloging agency: OSt
  • Transcribing agency: OSt

100 ## - HEADING--PERSONAL NAME

  • Personal name: जैन, सुदर्शनलाल; भट्टाचार्य, सिद्धेश्वर, संपा

670 ## - SOURCE DATA FOUND

  • Source citation: Work cat.: (OSt)303334: जैन, सुदर्शनलाल; भट्टाचार्य, सिद्धेश्वर, संपा., संस्कृत प्रवेशिका* संस्कृत व्याकरण अनुवाद, निबन्ध तथा अपठित, 1981
Copyright @ Delhi University Library System